Paesi che Confinano con la Polonia - Statistics

Statistiche generali
  • Questo quiz è stato fatto 7.522 volte
  • Il punteggio medio è 6 su 7
Statistiche sulle risposte
Lunghezza Paese % Corretto
467 km Germania
98%
210 km Russia (Kaliningrad)
94%
796 km Repubblica Ceca
93%
418 km Bielorussia
92%
104 km Lituania
92%
535 km Ucraina
90%
541 km Slovacchia
89%
Nessun quiz corrispondente trovato
Distribuzione punteggi
Percentuale di utenti per punteggio
Percentile per numero di risposta
I tuoi punteggi nel tempo
Non hai fatto questo quiz